| 000 | 00325nam a22001217a 4500 | ||
|---|---|---|---|
| 008 | 180606b xxu||||| |||| 00| 0 eng d | ||
| 041 | _aeng | ||
| 080 | _a043.3 | ||
| 100 | _a0 | ||
| 101 | _aMEK-BTH | ||
| 245 |
_aFurnizimi i zbarave me tension 6.3 KV dhe transferet ne termocentralin Kosova-B _cHajredini,A |
||
| 942 |
_2udc _cBK |
||
| 999 |
_c46445 _d46445 |
||